Escuela de Robinsones / (Registro nro. 10860)

Detalles MARC
000 -LIDER
fixed length control field 01001nam a22003371 4500
001 - NÚMERO DE CONTROL
Identificador de número de control 01566
003 - IDENTIFICACDOR DE NÚMERO DE CONTROL
control field DO-SdBNP
005 - DATE AND TIME OF LATEST TRANSACTION
control field 20180124150305.0
007 - CAMPOS FIJOS DE DESCRIPCIÓN FÍSICA
fixed length control field 01566
008 - ELEMENTOS DE LONGITUD FIJA
fixed length control field 000401s1969 sp spa
016 7# - NO. DE CONTROL DE LA AGENCIA BIB. NACIONAL
Record control number
Canceled/invalid record control number
Source BPMSU
017 ## - NÚMERO DE REGISTRO DE DERECHOS DE AUTOR
Copyright or legal deposit number
Assigning agency
035 ## - NÚMERO LOCAL
System control number
040 ## - FUENTE DE CATALOGACIÓN
Agencia que crea de manera original el registro BPMSU
Idioma de catalogación spa
Agencia que realiza la transcripción BPMSU
080 #0 - NÚMERO DE CLASIFICACIÓN DECIMAL UNIVERSAL
Universal Decimal Classification number
082 ## - NÚMERO DE CLASIFICACIÓN DECIMAL DE DEWEY
Classification number 843.8
Item number V531e
100 1# - ASIENTO PRINCIPAL -- NOMBRE PERSONAL
Nombre personal Verne, Jules,
Fechas asociadas con el nombre 1828-1905.
240 12 - TITULO UNIFORME
Título uniforme L'école des Robinsons
Idioma de una obra Español
245 10 - MENCIÓN DE TITULO
Título Escuela de Robinsones /
Medio (Designación general de material)
Mención de responsabilidad Julio Verne ; traducción de Luis Alba de la Cuesta ; prólogo de Ignacio Aldecoa
260 ## - PUBLICACIÓN, DISTRIBUCIÓN, ETC. (PIE DE IMPRENTA)
Lugar de publicación, distribución, etc [Madrid] :
Nombre del editor, distribuidor, etc. Salvat,
Fecha de publicación, distribución, etc 1969
300 ## - DESCRIPCIÓN FÍSICA
Extensión 188 p., 1 h.
Dimensiones 19 cm
490 0# - MENCIÓN DE SERIES
Mención de serie Libros "RTV"
Volume/sequential designation 19
650 #4 - ENCABEZAMIENTO DE MATERIA--TEMÁTICO
Término temático o nombre geográfico como elemento de entrada NOVELA JUVENIL FRANCESA
650 #4 - ENCABEZAMIENTO DE MATERIA--TEMÁTICO
Término temático o nombre geográfico como elemento de entrada LITERATURA JUVENIL FRANCESA
700 12 - ASIENTO SECUNDARIO -- NOMBRE PERSONAL
Nombre personal Aldecoa, Ignacio,
Fechas asociadas con el nombre 1925-1969
Mención de responsabilidad pról.
700 1# - ASIENTO SECUNDARIO -- NOMBRE PERSONAL
Nombre personal Alba de la Cuesta, Luis
830 #0 - ASIENTO SECUNDARIO DE SERIE--TÍTULO UNIFORME
Nombre de la parte o sección de una obra Libro RTV 19
Volume number/sequential designation 19
942 ## - ADDED ENTRY ELEMENTS (KOHA)
Source of classification or shelving scheme Dewey Decimal Classification
Koha item type Libros
945 ## - INFORMACIÓN DE PROCESAMIENTO LOCAL
Información de procesamiento local Inventariado, 2018 /LP
956 ## - LOCAL ELECTRONIC LOCATION AND ACCESS (OCLC)
Nombre de host VMATEO
Número de acceso 10
Información de compresión 20160713
Trayectoria BPMSU
Nombre Electrónico 00069
Existencias
Withdrawn status Lost status Source of classification or shelving scheme Damaged status Not for loan Collection code Home library Current library Date acquired Source of acquisition Total Checkouts Full call number Barcode Date last seen Copy number Price effective from Koha item type
    Dewey Decimal Classification     Colección General Biblioteca Pública Metropolitana Salomé Ureña Biblioteca Pública Metropolitana Salomé Ureña 07/13/2016 FUNDI   843.8 V531e BPMSU16070444 07/13/2016 07/13/2016 Libros